Put Biggest Czech Cities on Map - very hard - Statistics

General Stats
  • This quiz has been taken 91 times
  • The average score is 52 of 200
Answers on the Map
Answers color-coded by a green-red scale on the quiz's map according to % correct below.
 
Answer Stats
Answer % Correct
Brno
87%
Praha
87%
Ostrava
79%
Plzeň
75%
Liberec
69%
České Budějovice
65%
Olomouc
65%
Hradec Králové
60%
58%
Pardubice
58%
Kladno
54%
Ústí nad Labem
54%
Karlovy Vary
48%
Zlín
48%
Jablonec nad Nisou
46%
Jihlava
46%
Cheb
44%
Děčín
44%
Mladá Boleslav
44%
Opava
44%
Česká Lípa
42%
Písek
42%
Znojmo
42%
Břeclav
40%
Chomutov
40%
Kolín
40%
Tábor
40%
Český Těšín
38%
Přerov
38%
Příbram
38%
Prostějov
38%
Šumperk
38%
Frýdek-Místek
37%
Hodonín
37%
Kroměříž
37%
Litoměřice
37%
Litvínov
37%
Teplice
37%
Třebíč
37%
Třinec
37%
Uherské Hradiště
37%
Benešov
35%
Blansko
35%
Chrudim
35%
Havířov
35%
Jindřichův Hradec
35%
Klatovy
35%
Kutná Hora
35%
Sokolov
35%
Strakonice
35%
Vsetín
35%
Beroun
33%
Bruntál
33%
Český Krumlov
33%
Jeseník
33%
Krnov
33%
Most
33%
Trutnov
33%
Havlíčkův Brod
31%
Karviná
31%
Louny
31%
Mariánské Lázně
31%
Ostrov
31%
Vyškov
31%
Domažlice
29%
Jičín
29%
Náchod
29%
Otrokovice
29%
Rumburk
29%
Rychnov nad Kněžnou
29%
Žďár nad Sázavou
29%
Bohumín
27%
Orlová
27%
Pelhřimov
27%
Poděbrady
27%
Prachatice
27%
Rokycany
27%
Slaný
27%
Uherský Brod
27%
Humpolec
25%
Jaroměř
25%
Kopřivnice
25%
Kralupy nad Vltavou
25%
Kuřim
25%
Mělník
25%
Mikulov
25%
Nymburk
25%
Rakovník
25%
Tachov
25%
Varnsdorf
25%
Vrchlabí
25%
Benátky nad Jizerou
23%
Čáslav
23%
Hranice
23%
Kyjov
23%
Nový Bor
23%
Roudnice nad Labem
23%
Sušice
23%
Turnov
23%
Valašské Meziříčí
23%
Veselí nad Moravou
23%
Vlašim
23%
Žatec
23%
Bílina
21%
Brandýs nad Labem-Stará Boleslav
21%
Broumov
21%
Chodov
21%
Dvůr Králové nad Labem
21%
Frenštát pod Radhoštěm
21%
Ivančice
21%
Jirkov
21%
Lovosice
21%
Nové Město nad Metují
21%
Říčany
21%
Svitavy
21%
Velké Meziříčí
21%
Zábřeh
21%
Červený Kostelec
19%
Dačice
19%
Frýdlant
19%
Jesenice
19%
Kadaň
19%
Králův Dvůr
19%
Krupka
19%
Litomyšl
19%
Milovice
19%
Neratovice
19%
Nový Jičín
19%
Přelouč
19%
Rýmařov
19%
Slavkov u Brna
19%
Boskovice
17%
Černošice
17%
Dubí
17%
Hlučín
17%
Holešov
17%
Hrádek nad Nisou
17%
Kaplice
17%
Klášterec nad Ohří
17%
Mnichovo Hradiště
17%
Nové Město na Moravě
17%
Roztoky
17%
Semily
17%
Šlapanice
17%
Štětí
17%
Stříbro
17%
Třeboň
17%
Ústí nad Orlicí
17%
Vimperk
17%
Vysoké Mýto
17%
Bystřice pod Hostýnem
15%
Chotěboř
15%
Frýdlant nad Ostravicí
15%
Hostivice
15%
Lanškroun
15%
Lipník nad Bečvou
15%
Napajedla
15%
Přeštice
15%
Rožnov pod Radhoštěm
15%
Sezimovo Ústí
15%
Tišnov
15%
Bystřice nad Pernštejnem
13%
Čelákovice
13%
Česká Třebová
13%
Hořice
13%
Litovel
13%
Milevsko
13%
Moravská Třebová
13%
Moravské Budějovice
13%
Nejdek
13%
Nová Paka
13%
Příbor
13%
Uničov
13%
Vratimov
13%
Český Brod
12%
Choceň
12%
Hlinsko
12%
Nýřany
12%
Petřvald
12%
Polička
12%
Sedlčany
12%
Soběslav
12%
Šternberk
12%
Týn nad Vltavou
12%
Dobříš
10%
Dobruška
10%
Duchcov
10%
Hořovice
10%
Hulín
10%
Kraslice
10%
Letovice
10%
Lysá nad Labem
10%
Mohelnice
10%
Nový Bydžov
10%
Odry
10%
Studénka
10%
Vodňany
10%
Bílovec
8%
Rychvald
8%
Úvaly
4%
No matching quizzes found
Score Distribution
Percent of People with Each Score
Percentile by Number Answered
Your Score History
You have not taken this quiz